00663 2200301 4500001002100000005001500021035002000036008004100056245007100097100001800168250000600186260002800192300000900220022000600229024000600235084001400241082000800255650001700263863001300280990000900293990000800302990000800310990000900318990000800327990000900335990000900344990000800353INLIS00000000000019420200207111012 a0010-0919000014200207 0 ind 1 aIkhtisar Kesusastraan Indonesia 1 :bKesusastraan /cRahardjo, BA. aRahardjo, BA. a1 aJakarta :bWarga,c1986 c21cm a0 a0 a804 RAH i a804 4aKesusastraan a02-03-09 a2004 a178 a178 a2004 a178 a2004 a2004 a178